LEADER 01835nlm0 22004931i 450 001 990009243780403321 010 $a9783540744818 035 $a000924378 035 $aFED01000924378 035 $a(Aleph)000924378FED01 035 $a000924378 100 $a20100926d2007----km-y0itay50------ba 101 0 $aeng 102 $aDE 135 $adrnn-008mamaa 200 1 $aHolonic and Multi-Agent Systems for Manufacturing$bRisorsa elettronica$eThird International Conference on Industrial Applications of Holonic and Multi-Agent Systems, HoloMAS 2007, Regensburg, Germany, September 3-5, 2007$fedited by Vladimí 210 $aBerlin ; Heidelberg$cSpringer$d2007 225 1 $aLecture Notes in Computer Science$x0302-9743$v4659 230 $aDocumento elettronico 336 $aTesto 337 $aFormato html, pdf 702 1$aColombo,$bArmando W. 702 1$aMarík,$bVladimír 702 1$aVyatkin,$bValeriy 801 0$aIT$bUNINA$gREICAT$2UNIMARC 856 4 $zFull text per gli utenti Federico II$uhttp://dx.doi.org/10.1007/978-3-540-74481-8 901 $aEB 912 $a990009243780403321 961 $aArtificial intelligence 961 $aArtificial Intelligence (incl. Robotics) 961 $aBusiness Information Systems 961 $aBusiness logistics 961 $aComputer aided design 961 $aComputer Appl. in Administrative Data Processing 961 $aComputer Imaging, Vision, Pattern Recognition and Graphics 961 $aComputer science 961 $aComputer Science 961 $aComputer vision 961 $aComputer-Aided Engineering (CAD, CAE) and Design 961 $aInformation systems 961 $aManagement information systems 961 $aProduction/Logistics 996 $aHolonic and Multi-Agent Systems for Manufacturing$9772586 997 $aUNINA LEADER 03727nam 2200637Ia 450 001 9910784809203321 005 20230721031033.0 010 $a1-281-93838-6 010 $a9786611938383 010 $a981-279-076-4 035 $a(CKB)1000000000407787 035 $a(StDuBDS)AH24684915 035 $a(SSID)ssj0000262848 035 $a(PQKBManifestationID)11219138 035 $a(PQKBTitleCode)TC0000262848 035 $a(PQKBWorkID)10272207 035 $a(PQKB)10658013 035 $a(MiAaPQ)EBC1681771 035 $a(WSP)00006426 035 $a(Au-PeEL)EBL1681771 035 $a(CaPaEBR)ebr10255670 035 $a(CaONFJC)MIL193838 035 $a(OCoLC)815752925 035 $a(EXLCZ)991000000000407787 100 $a20070608d2008 uy 0 101 0 $aeng 135 $aur||||||||||| 181 $ctxt 182 $cc 183 $acr 200 10$aTundish technology for clean steel production$b[electronic resource] /$fYogeshwar Sahai, Toshihiko Emi 210 $aSingapore ;$aHackensack, NJ $cWorld Scientific$dc2008 215 $axii, 316 p. $cill. (some col.) 300 $aBibliographic Level Mode of Issuance: Monograph 311 $a981-270-621-6 320 $aIncludes bibliographical references and index. 327 $a1. Introduction -- 2. Non-metallic inclusions -- 3. Review of fluid flow and turbulence -- 4. Fluid flow characterization -- 5. Modeling of melt flow -- 6. Tundish operation -- 7. Melt temperature control -- 8. Recent, emerging, and novel technologies. 330 $a"Continuous casting of steel has become a widely used process and an important step in steel production. The worldwide share of continuously cast steel has increased significantly in the last 25 years or so. However, concurrent with this increase in production levels are stringent quality requirements that have become crucial in the face of progressively increasing machine throughputs and larger product dimensions. As a result, steel cleanliness and strict composition control are now the primary concern of steelmakers. The tundish is the last metallurgical vessel through which molten metal flows before solidifying in the continuous casting mold. During the transfer of metal through the tundish, molten steel interacts with refractories, slag, and the atmosphere. Thus, the proper design and operation of a tundish are important for delivering steel of strict composition and quality. This pioneering book is the first of its kind to cover all aspects of tundish technology, ranging from fundamental aspects and theory necessary for understanding the basic concepts of tundish operations to operational aspects of the tundish. Written by internationally recognized experts in continuous casting technology in general and tundish technology in particular, this book is sufficiently fundamental to serve as a graduate-level textbook on process metallurgy or as an important reference for metallurgical researchers; at the same time, it is comprehensive enough to contribute to the understanding of scientists and engineers engaged in research and development in the steel industry." 606 $aSteel$xMetallurgy 606 $aSteel founding 606 $aContinuous casting 606 $aSteel$xInclusions 615 0$aSteel$xMetallurgy. 615 0$aSteel founding. 615 0$aContinuous casting. 615 0$aSteel$xInclusions. 676 $a669.142 700 $aSahai$b Y$g(Yogeshwar),$cPh. D.$01530383 701 $aEmi$b Toshihiko$01530384 801 0$bMiAaPQ 801 1$bMiAaPQ 801 2$bMiAaPQ 906 $aBOOK 912 $a9910784809203321 996 $aTundish technology for clean steel production$93775419 997 $aUNINA